| Tag |
First Indicator |
Second Indicator |
Subfields |
| LEADER |
00000cam a22000004a 4500 |
| 001 |
in00001633921 |
| 005 |
20151023084912.0 |
| 008 |
010206s2001 nyua b 001 0 eng |
| 010 |
|
|
|a 2001017811
|
| 015 |
|
|
|a GBA1-Z3660
|
| 020 |
|
|
|a 0471409146 (cloth : alk. paper)
|
| 029 |
1 |
|
|a UKM
|b bA1Z3660
|
| 035 |
|
|
|a (OCoLC)ocm45888778
|
| 040 |
|
|
|a DLC
|c DLC
|d UKM
|d C#P
|d UtOrBLW
|
| 042 |
|
|
|a pcc
|
| 049 |
|
|
|a TXAS
|
| 050 |
0 |
0 |
|a HF5635
|b .B818 2001
|
| 082 |
0 |
0 |
|a 657
|2 21
|
| 100 |
1 |
|
|a Bragg, Steven M.
|
| 245 |
1 |
0 |
|a Accounting best practices /
|c Steven M. Bragg.
|
| 250 |
|
|
|a 2nd ed.
|
| 264 |
|
1 |
|a New York :
|b John Wiley,
|c [2001]
|
| 264 |
|
4 |
|c ©2001
|
| 300 |
|
|
|a xiv, 333 pages :
|b illustrations ;
|c 24 cm.
|
| 336 |
|
|
|a text
|b txt
|2 rdacontent
|
| 337 |
|
|
|a unmediated
|b n
|2 rdamedia
|
| 338 |
|
|
|a volume
|b nc
|2 rdacarrier
|
| 504 |
|
|
|a Includes bibliographical references (pages 314-316) and index.
|
| 650 |
|
0 |
|a Accounting.
|
| 945 |
|
|
|i PromptCat
|
| 948 |
|
|
|a cataloged
|b h
|c 2001/10/24
|d c
|e mphillip
|f 12:57:57 pm
|
| 994 |
|
|
|a 92
|b TXA
|
| 999 |
|
|
|a MARS
|
| 999 |
f |
f |
|s ede525bd-b0a3-3858-89e8-9356711a7284
|i bc8de594-2fcf-34d9-bb57-b4bd729cb99d
|t 0
|
| 952 |
f |
f |
|p ric
|a Texas A&M University
|b Rellis Campus
|c Joint Library Facility
|d Remote Storage
|t 0
|e HF5635 .B818 2001
|h Library of Congress classification
|i unmediated -- volume
|m A14828271347
|
| 998 |
f |
f |
|a HF5635 .B818 2001
|t 0
|l Remote Storage
|